000 00597nam a2200217Ia 4500
005 20241129105840.0
008 241129s9999||||xx |||||||||||||| ||und||
020 _a978-81-8223-711-7
037 _aTB
040 _aARTS
_beng
_cARTS
041 _aeng
_2urd
084 _aO168,4N36x Q0
_qARTS
100 _aJeelani Bano Ed.
_9726501
245 0 _aDoor ki awazen
_cJeelani Bano Ed.
260 _aDelhi, India
_bEducational Publishing House
_c2019
300 _a624p.
365 _aINR
_b600
650 _aUrdu Letters
942 _cTB
_hO168,4N36x Q0
999 _c1226270
_d1226270